[Event "Moscow Open A 2013"]
[Site "Moscow RUS"]
[Date "2013.02.09"]
[Round "8.4"]
[White "Khairullin,I"]
[Black "Gabrielian,A"]
[Result "1-0"]
[WhiteElo "2650"]
[BlackElo "2579"]

1.Nf3 Nf6 2.c4 g6 3.g3 Bg7 4.Bg2 O-O 5.O-O d5 6.d4 dxc4 7.Na3 c3 8.bxc3 c5
9.Ne5 Nc6 10.Nac4 Nd5 11.Qd2 Be6 12.Nxc6 bxc6 13.Ba3 Nb6 14.Na5 cxd4 15.cxd4 Qxd4
16.Qxd4 Bxd4 17.Rac1 Bf6 18.Nxc6 Rfe8 19.Bc5 Bd5 20.Rfd1 Bxg2 21.Kxg2 e6
22.e4 h5 23.Be3 Bg7 24.Rd3 Bf8 25.Rdc3 Kh7 26.R1c2 Rec8 27.Nxa7 Rxc3 28.Rxc3 Rxa7
29.Bxb6 Ra6 30.Be3 Rxa2 31.Rc7 Kg8 32.Rc8 Kg7 33.Bd4+ f6 34.Rc7+ Kg8 35.Bxf6 Bh6
36.Kf1 Ra4 37.e5 Ra1+ 38.Ke2 Ra2+ 39.Kf3 Ra3+ 40.Ke4 Ra4+ 41.Kf3 Ra3+ 42.Kg2 Ra2
43.Re7 Be3 44.Kf3 Bxf2 45.Rxe6 Bg1 46.Re8+ Kf7 47.Re7+ Kf8 48.h3 Ra3+ 49.Kf4 Bh2
50.e6 Ra5 51.Rf7+ Ke8 52.Re7+ Kf8 53.Rf7+ Ke8 54.Ke4 Rf5 55.g4 hxg4 56.hxg4 Rf4+
57.Kd5 g5 58.Be5  1-0

[Event "Moscow Open A 2013"]
[Site "Moscow RUS"]
[Date "2013.02.10"]
[Round "9.10"]
[White "Gabuzyan,H"]
[Black "Ganguly,S"]
[Result "1/2-1/2"]
[WhiteElo "2517"]
[BlackElo "2626"]

1.c4 Nf6 2.Nf3 g6 3.g3 Bg7 4.Bg2 O-O 5.d4 d6 6.Nc3 Nbd7 7.O-O e5 8.e4 exd4
9.Nxd4 Nc5 10.h3 Re8 11.Re1 Bd7 12.Bf4 h6 13.Qc2 Nfxe4 14.Nxe4 Bxd4 15.Rad1 Nxe4
16.Rxd4 Ng5 17.Rxe8+ Qxe8 18.Be3 Bc6 19.h4 Ne6 20.Bd5 Bxd5 21.Rxd5 h5 22.b4 Qe7
23.Qc3 Re8 24.Kh2 Nf8 25.Bh6 f6 26.c5 dxc5 27.bxc5 c6 28.Rd6 Ne6 29.Qd3 Qf7
30.Be3 Kh7 31.a4 Re7 32.a5 a6 33.Qc3 Kg7 34.Bg5 Rc7 35.Bc1 Rd7 36.Bb2 Rxd6
37.cxd6 Nf8 38.Qb4 Qd7 39.Ba1 Qc8 40.Qb6 Kf7 41.Qb2 Nh7 42.Qb3+ Kg7 43.Qe3 Qd7
44.Qd4 Kf7 45.Bb2 Ke6 46.Qe3+ Kf7 47.Qf4 Qf5 48.Qc4+ Qe6 49.Qb4 Qd7 50.Qb3+ Kg7
51.Bc3 Nf8 52.Qb2 Qf7 53.Qb6 Qd7 54.Ba1 Kf7 55.Qb3+ Kg7 56.Qb6  1/2-1/2

[Event "17th Lienz Open 2013"]
[Site "Lienz AUT"]
[Date "2013.02.15"]
[Round "8.14"]
[White "Zoernpfenning,S"]
[Black "Van den Berg,K"]
[Result "1-0"]
[WhiteElo "2116"]
[BlackElo "1981"]

1.c4 Nf6 2.Nf3 g6 3.g3 Bg7 4.Bg2 O-O 5.O-O c6 6.Nc3 d5 7.d4 Nbd7 8.cxd5 Nxd5
9.e4 Nxc3 10.bxc3 Nf6 11.Re1 Qa5 12.Bd2 Qc7 13.Bf4 Qa5 14.Qc2 Nh5 15.Bd2 Qc7
16.e5 c5 17.Rac1 f6 18.h3 fxe5 19.Nxe5 a5 20.Qb3+ e6 21.Qc4 Bxe5 22.Rxe5 Qf7
23.Qe2 cxd4 24.cxd4 Rd8 25.Rxa5 Rxa5 26.Bxa5 Rf8 27.Rc7 Qf5 28.Bc3 Nf6 29.d5 exd5
30.Qe7 Qb1+ 31.Kh2  1-0

[Event "TCh-CZE Extraliga 2012-13"]
[Site "Czech Republic CZE"]
[Date "2013.02.16"]
[Round "5.2"]
[White "Cyborowski,L"]
[Black "Rasik,V"]
[Result "1/2-1/2"]
[WhiteElo "2526"]
[BlackElo "2516"]

1.Nf3 Nf6 2.c4 g6 3.g3 Bg7 4.Bg2 O-O 5.O-O d6 6.Nc3 c5 7.a3 Nc6 8.Rb1 a5
9.d3 Rb8 10.Bd2 h6 11.Nb5 Be6 12.b4 axb4 13.axb4 b6 14.bxc5 bxc5 15.Bc3  1/2-1/2

[Event "ch-ROU 2013"]
[Site "Baile Olanesti ROU"]
[Date "2013.02.21"]
[Round "8.19"]
[White "Vladescu,F"]
[Black "Costachi,M"]
[Result "1-0"]
[WhiteElo "2225"]
[BlackElo "2056"]

1.c4 Nf6 2.g3 g6 3.Bg2 Bg7 4.Nf3 O-O 5.O-O d6 6.Nc3 Nc6 7.d3 e5 8.Rb1 Be6
9.Ng5 Bd7 10.h3 h6 11.Nf3 Rb8 12.b4 Nd4 13.Nd2 Ne8 14.Nb3 Nxb3 15.Qxb3 f5
16.b5 f4 17.Ne4 Kh8 18.c5 fxg3 19.fxg3 Rxf1+ 20.Bxf1 Nf6 21.cxd6 cxd6 22.Nxf6 Qxf6
23.Be3 Rf8 24.Bg2 b6 25.Rf1 Qe7 26.Rxf8+ Bxf8 27.Qd5 Be6 28.Qa8 Kh7 29.a4 d5
30.Bxd5 Bxd5 31.Qxd5 Qb4 32.Kf2 Bg7 33.Qc4 Qe7 34.Qe4 h5 35.Kg2 Qf7 36.Bd2 Qd7
37.Bb4 Kh6 38.Qc4 Kh7 39.a5 bxa5 40.Bxa5 Qb7+ 41.e4 Qe7 42.Bb4 Qg5 43.Qc5 Qd8
44.Qd5 Qg5 45.Be1 Qe7 46.Bf2 Qc7 47.Qc6 Qf7 48.Qa6 Qb3 49.Bxa7 Qxd3 50.Qb7 g5
51.Qd5 Qe2+ 52.Bf2 g4 53.hxg4 hxg4 54.b6 Qf3+ 55.Kg1 Kh8 56.b7 Qb3 57.Qd8+ Kh7
58.b8=Q  1-0

[Event "ch-Central Serbia 2013"]
[Site "Pozarevac SRB"]
[Date "2013.02.21"]
[Round "6.10"]
[White "Radosavljevic,SD"]
[Black "Popovic,AM"]
[Result "1-0"]
[WhiteElo "2182"]
[BlackElo "2271"]

1.c4 Nf6 2.g3 g6 3.Bg2 Bg7 4.Nf3 O-O 5.O-O d5 6.Nc3 e5 7.d4 exd4 8.Nxd4 Nbd7
9.h3 Re8 10.e4 c6 11.Rb1 a5 12.b3 a4 13.Re1 axb3 14.axb3 Nc5 15.b4 Ncd7 16.Be3 Ne5
17.Qb3 c5 18.Nc2 Be6 19.Nxd5 b5 20.bxc5 bxc4 21.Qb6 Nxd5 22.exd5 Bf5 23.Rec1 Ra2
24.Nb4 Bxb1 25.Rxb1 Ra3 26.Qxd8 Rxd8 27.Nc6 Rb3 28.Rxb3 cxb3 29.Nxd8 f5 30.Bc1 Bf6
31.Nb7 Nd3 32.c6 Nxc1 33.c7  1-0

[Event "21st Fajr Open"]
[Site "Mashhad IRI"]
[Date "2013.02.22"]
[Round "4.5"]
[White "Roghani,A"]
[Black "Hosseinzadeh,N"]
[Result "1-0"]
[WhiteElo "2366"]
[BlackElo "2228"]

1.Nf3 Nf6 2.c4 g6 3.g3 Bg7 4.Bg2 O-O 5.d4 d6 6.Nc3 Nc6 7.O-O a6 8.b3 Rb8
9.Nd5 Nd7 10.e4 e6 11.Ne3 b5 12.Bb2 Na5 13.Qd2 c5 14.Bc3 b4 15.Bb2 cxd4 16.Nxd4 Nc5
17.Rad1 Bb7 18.Qxb4 Nxe4 19.Qa3 Qc7 20.f3 Nf6 21.Bc3 Nc6 22.Nxc6 Bxc6 23.Qxd6 Qb7
24.Qd2 Rbd8 25.Qb2 Qe7 26.Ng4 Nxg4 27.Bxg7 f6 28.Bxf8 Qa7+ 29.c5  1-0

[Event "29th Open"]
[Site "Cappelle la Grande FRA"]
[Date "2013.02.23"]
[Round "1.39"]
[White "Vul,A"]
[Black "Gopal,G"]
[Result "1/2-1/2"]
[WhiteElo "2320"]
[BlackElo "2545"]

1.Nf3 Nf6 2.c4 g6 3.g3 Bg7 4.Bg2 O-O 5.d4 d5 6.O-O dxc4 7.Na3 c3 8.bxc3 c5
9.Rb1 Nc6 10.Ne5 Nd5 11.Qb3 Nxe5 12.dxe5 Nb6 13.f4 Be6 14.c4 f6 15.Rd1 Qe8
16.exf6 exf6 17.Be3 Qe7 18.Bf2 f5 19.Qf3 Rab8 20.e4 fxe4 21.Qxe4 Rfe8 22.Rb5 Qf7
23.Qf3 h5 24.h3 Nxc4 25.Nxc4 Bxc4 26.Rxb7 Rxb7 27.Qxb7 Qxb7 28.Bxb7 Bxa2
29.Bxc5 a5 30.Bd5+ Bxd5 31.Rxd5 a4 32.Kf2 Rb8 33.Bd4 Bxd4+ 34.Rxd4 a3 35.Ra4 Rb2+
36.Kf3 Rb3+ 37.Kg2 Kg7 38.Ra6 Kf7 39.Kf2 Rb2+ 40.Kf3 a2 41.g4 h4 42.g5 Rh2
43.Ke4 Re2+ 44.Kf3 Rb2 45.Ke4 Rf2 46.Ke3 Rc2 47.Ke4 Rb2 48.Ra7+ Ke6 49.Ra6+ Ke7
50.f5 Rb4+ 51.Kf3 gxf5 52.Rxa2 Kf7 53.Ra6 Kg7 54.Rf6 Rb3+ 55.Kf4 Rxh3 56.Kxf5 Rf3+  1/2-1/2

[Event "29th Open"]
[Site "Cappelle la Grande FRA"]
[Date "2013.02.23"]
[Round "1.76"]
[White "Barlov,D"]
[Black "Bernard,Ch1"]
[Result "1-0"]
[WhiteElo "2461"]
[BlackElo "2250"]

1.c4 Nf6 2.Nf3 g6 3.g3 Bg7 4.Bg2 O-O 5.O-O c6 6.d4 d5 7.cxd5 cxd5 8.Nc3 Nc6
9.Ne5 e6 10.Bg5 h6 11.Bf4 Nd7 12.Nxc6 bxc6 13.Qd2 Kh7 14.Rac1 e5 15.dxe5 Nxe5
16.b3 Re8 17.Rfd1 Bf5 18.h3 Qe7 19.Na4 Rac8 20.Be3 g5 21.Bd4 Nd3 22.Rc3 Bxd4
23.Rxd3 Bg7 24.Re3 Qa3 25.Rxe8 Rxe8 26.e3 Re7 27.Rc1 d4 28.e4 Bxe4 29.Bxe4+ Rxe4
30.Rxc6 Qe7 31.Qd3 f5 32.Nc5 Re5 33.b4 a5 34.a3 axb4 35.axb4 Kg8 36.Kg2 Bf8
37.Qxd4 Bg7 38.Qc4+ Kh7 39.Rc8 Re2 40.Qg8+ Kg6 41.Rc6+ Kh5 42.Qd5  1-0

[Event "29th Open"]
[Site "Cappelle la Grande FRA"]
[Date "2013.02.25"]
[Round "4.48"]
[White "Stella,A"]
[Black "Deac,Bogdan-Daniel"]
[Result "1-0"]
[WhiteElo "2477"]
[BlackElo "2117"]

1.Nf3 Nf6 2.c4 g6 3.g3 Bg7 4.Bg2 O-O 5.O-O d6 6.Nc3 e5 7.d4 Nbd7 8.e4 a6
9.h3 exd4 10.Nxd4 Re8 11.Re1 Rb8 12.a4 a5 13.Be3 Nc5 14.Qc2 Nfd7 15.Rad1 c6
16.Nb3 Nxb3 17.Qxb3 Qe7 18.Qc2 Ne5 19.b3 g5 20.f4 gxf4 21.Bxf4 Be6 22.Ne2 Rbd8
23.Nd4 Kh8 24.Nf5 Bxf5 25.exf5 Bf6 26.Kh1 Rg8 27.Qd2 Qc7 28.g4 Bh4 29.Re4 Be7
30.Qf2 c5 31.Ree1 Bg5 32.Bh2 b6 33.Qb2 Bf6 34.Qd2 Bg5 35.Qd5 f6 36.Qe4 Rge8
37.Bg3 Bh6 38.Qc2 Bf8 39.Qc3 Bg7 40.Bf4 h6 41.Qg3 Kh7 42.Bd5 Bf8 43.Qh4 Qg7
44.Qh5 Be7 45.Rg1 Rh8 46.h4 Rdf8 47.g5 fxg5 48.hxg5 Rxf5 49.Bxe5 Qg6 50.Qxg6+ Kxg6
51.Bxh8  1-0

[Event "29th Open"]
[Site "Cappelle la Grande FRA"]
[Date "2013.02.26"]
[Round "5.39"]
[White "Vul,A"]
[Black "Castellanos Rodriguez,R"]
[Result "1/2-1/2"]
[WhiteElo "2320"]
[BlackElo "2529"]

1.Nf3 Nf6 2.c4 g6 3.g3 Bg7 4.Bg2 O-O 5.d4 d6 6.O-O Nbd7 7.Nc3 a6 8.e4 e5
9.Re1 c6 10.h3 b5 11.c5 exd4 12.Nxd4 Nxc5 13.Nxc6 Qc7 14.Bg5 Be6 15.Nd5 Bxd5
16.exd5 Rae8 17.Qc2 Qd7 18.Be3 h6 19.Bxc5 dxc5 20.Qxc5 Rxe1+ 21.Rxe1 Re8
22.Rxe8+ Nxe8 23.b3 Bf8 24.Qa7 Qxa7 25.Nxa7 Bc5 26.Nc6 Nd6 27.Kf1 h5 28.g4 hxg4
29.hxg4 Kg7 30.Ke2 g5 31.b4 Bb6 32.Nb8 a5 33.Nd7 Bc7 34.bxa5 Bxa5 35.Ke3 Bc3
36.Bf1 f5 37.gxf5 Nxf5+ 38.Kf3 Nd6 39.Kg4 Ne4 40.Bxb5 Nxf2+ 41.Kxg5 Ne4+
42.Kf4 Nf6 43.Nb6 Ba5 44.Nc4 Nxd5+ 45.Ke5 Nc3 46.Nxa5 Nxb5 47.Nc6 Nc3 48.a3 Kf7
49.Kf5 Na4 50.Ke5 Nc3 51.Kf5  1/2-1/2

[Event "29th Open"]
[Site "Cappelle la Grande FRA"]
[Date "2013.02.27"]
[Round "6.56"]
[White "Bruno,Fabi"]
[Black "Andrenko,I"]
[Result "1-0"]
[WhiteElo "2440"]
[BlackElo "2228"]

1.Nf3 Nf6 2.c4 g6 3.g3 Bg7 4.Bg2 O-O 5.O-O d6 6.Nc3 c6 7.d3 e5 8.Rb1 a5 9.a3 Re8
10.Bg5 h6 11.Bxf6 Bxf6 12.Nd2 Bg7 13.b4 axb4 14.axb4 Be6 15.Qb3 Na6 16.b5 Nc5
17.Qb4 Rc8 18.bxc6 bxc6 19.Qb6 Nd7 20.Qa7 Nc5 21.Qb6 Nd7 22.Qa7 Nc5 23.Rfc1 Re7
24.Qb6 Rec7 25.Rc2 f5 26.Nb3 Rb8 27.Qxb8 Qxb8 28.Nxc5 Qe8 29.Nxe6 Qxe6 30.Rcc1 Kh7
31.Na2 e4 32.dxe4 fxe4 33.e3 Rf7 34.Rc2 d5 35.cxd5 cxd5 36.Re1 Qb6 37.Nc1 Qb1
38.Rce2 Rc7 39.Na2 Qb3 40.Nc1 Qb4 41.Rd1 Bb2 42.Ree1 Rc2 43.Ne2 Rd2 44.h4 g5
45.hxg5 hxg5 46.Bh3 Kg7 47.Bg4 Rd3 48.Rb1 Qa3 49.Red1 Rxd1+ 50.Rxd1 Qb3 51.Nd4 Bxd4
52.Rxd4 Kf6 53.Bd1 Qa2 54.Ba4 Qa3 55.Kg2 Qa2 56.Bc6 Qe2 57.Bxd5 Qf3+ 58.Kg1 Qe2
59.Bxe4 Ke5 60.Kg2 Qe1 61.Bf3 Qc3 62.Rd5+ Kf6 63.Be4 Qb4 64.Rf5+ Ke6 65.Kf3 Qe1
66.Kg4 Qb4 67.f3 Qe1 68.Bd5+ Kd6 69.e4 Qc3 70.Rxg5 Qc8+ 71.Rf5 Qh8 72.f4 Qg7+
73.Rg5 Qd7+ 74.f5 Ke5 75.Rg6 Qa4 76.Re6+ Kd4 77.Kg5 Qa3 78.g4 Qf8 79.Rg6 Qe7+
80.f6 Qe5+ 81.Kh6 Ke3 82.Kh7 Qh2+ 83.Rh6 Qb8 84.f7 Kf4 85.Rf6+ Kg5  1-0

[Event "20th Bunratty Classic"]
[Site "Bunratty IRL"]
[Date "2013.03.01"]
[Round "5.1"]
[White "Rombaldoni,D"]
[Black "Collins,S IRL"]
[Result "0-1"]
[WhiteElo "2510"]
[BlackElo "2482"]

1.Nf3 Nf6 2.g3 g6 3.Bg2 Bg7 4.c4 O-O 5.O-O d6 6.Nc3 a6 7.Rb1 e5 8.d3 h6 9.b4 Be6
10.Bd2 Nbd7 11.a4 c6 12.e4 Re8 13.Nh4 Nf8 14.Qe1 d5 15.exd5 cxd5 16.c5 e4
17.Bh1 Bh3 18.Ng2 exd3 19.Qc1 Kh7 20.Re1 d4 21.Nd1 Ne6 22.Rb3 Qd7 23.Nb2 Ng5
24.Bxg5 hxg5 25.Rxd3 Qf5 26.Rxd4 Bxg2 27.Bxg2 Ng4 28.Rd2 Rxe1+ 29.Qxe1 Bc3
30.Nc4 Bxb4 31.Nd6 Qxc5 32.Nxf7 Rf8 33.Nxg5+ Qxg5 34.Rd7+ Kh6 35.Qxb4 Qc1+
36.Bf1 Rxf2 37.Qc4 Rg2+  0-1

[Event "20th Bunratty Masters"]
[Site "Bunratty IRL"]
[Date "2013.03.03"]
[Round "5.11"]
[White "Orr,M"]
[Black "Annesley,Gareth"]
[Result "1-0"]
[WhiteElo "2240"]
[BlackElo "1925"]

1.Nf3 Nf6 2.c4 g6 3.g3 Bg7 4.Bg2 O-O 5.O-O c6 6.d4 d5 7.cxd5 cxd5 8.Ne5 Nc6
9.Nc3 e6 10.f4 Nd7 11.e3 a6 12.Bd2 Ncxe5 13.fxe5 f5 14.Ne2 g5 15.Rc1 Rf7
16.g4 Nf8 17.Ng3 f4 18.Nh5 Qb6 19.Qb3 Qxb3 20.axb3 Ng6 21.exf4 gxf4 22.g5 Bd7
23.Nf6+ Bxf6 24.gxf6 Bb5 25.Rf2 Bd3 26.Bxf4 Nxf4 27.Rxf4 Kh8 28.Bh3  1-0

[Event "TCh-SVK Extraliga 2012-13"]
[Site "Slovakia SVK"]
[Date "2013.03.03"]
[Round "11.6"]
[White "Federic,J"]
[Black "Nayhebaver,Martin"]
[Result "1-0"]
[WhiteElo "2299"]
[BlackElo "2144"]

1.Nf3 Nf6 2.c4 g6 3.g3 Bg7 4.Bg2 O-O 5.O-O d6 6.d4 Nc6 7.Nc3 a6 8.h3 Rb8
9.Be3 Bd7 10.Rc1 b5 11.Nd2 e5 12.dxe5 Nxe5 13.b3 bxc4 14.f4 Nc6 15.Nxc4 Ne7
16.Bf2 Bc6 17.e4 Nd7 18.Re1 Re8 19.Na5 Ba8 20.Nd5 Nc5 21.Nxe7+ Qxe7 22.e5 Bxg2
23.Kxg2 Qf8 24.Bxc5 dxc5 25.Qc2 f6 26.Qc4+ Kh8 27.Nc6 Rb5 28.Rcd1 Rb6 29.Qe4 fxe5
30.fxe5 Qf5 31.Qxf5 gxf5 32.Rd8 Rxd8 33.Nxd8 Bf8 34.Rd1 c4 35.bxc4 Rb2+ 36.Kf1 Be7
37.e6 Rb8 38.Nc6 Re8 39.Rd7 Bd6 40.Nd4 Kg8 41.Nxf5 Rxe6 42.Nxd6 cxd6 43.Kf2 a5
44.Kf3 Re1 45.Rxd6 Rc1 46.Rd4 Rc3+ 47.Ke4 Kf7 48.Kd5 Rxg3 49.h4 Ke7 50.Kc6 h5
51.c5 Ra3 52.Kc7 Rxa2 53.Re4+ Kf6 54.c6 a4 55.Kb6 a3 56.c7 Rc2 57.Ra4 Ke6
58.Rxa3 Rb2+ 59.Kc6 Rc2+ 60.Kb7 Rb2+ 61.Kc8 Ke7 62.Ra5 Rb1 63.Rxh5 Rb2 64.Ra5 Rb1
65.Ra4  1-0

[Event "3rd Ferdynand Dziedzica Mem"]
[Site "Trzcianka POL"]
[Date "2013.03.03"]
[Round "7.5"]
[White "Janaszak,Daw"]
[Black "Sergeev,Vl"]
[Result "1-0"]
[WhiteElo "2389"]
[BlackElo "2469"]

1.c4 Nf6 2.g3 g6 3.Bg2 Bg7 4.Nf3 O-O 5.O-O d6 6.d4 Nbd7 7.Nc3 e5 8.e3 Re8
9.b3 a6 10.a4 exd4 11.Nxd4 Nc5 12.a5 c6 13.Bb2 Bg4 14.Qc2 Qd7 15.b4 Ne6 16.Na4 Rad8
17.Nb6 Qc7 18.h3 Nxd4 19.Bxd4 Be6 20.Qb2 Qe7 21.Rfc1 h5 22.b5 c5 23.Bc3 Rb8
24.Rd1 Red8 25.Rd2 Ne8 26.Rad1 Bxc3 27.Qxc3 Nf6 28.e4 Nd7 29.Nxd7 Rxd7 30.e5 dxe5
31.Qxe5 Rbd8 32.Rxd7 Rxd7 33.Rxd7 Qxd7 34.Qb8+ Kh7 35.Qxb7 Qd1+ 36.Kh2 Qd4
37.bxa6 Qxf2 38.a7 h4 39.Qf3 hxg3+ 40.Qxg3  1-0

[Event "29th ChessOrg Open"]
[Site "Bad Woerishofen GER"]
[Date "2013.03.08"]
[Round "8.13"]
[White "Kuhne,D"]
[Black "Fiderer,L"]
[Result "0-1"]
[WhiteElo "2155"]
[BlackElo "2259"]

1.Nf3 Nf6 2.c4 g6 3.g3 Bg7 4.Bg2 O-O 5.O-O d6 6.d4 c6 7.Nc3 Qb6 8.b3 e5 9.dxe5 dxe5
10.e4 Bg4 11.Qc2 Re8 12.Be3 Qc7 13.h3 Bxf3 14.Bxf3 Nbd7 15.Rad1 Nf8 16.c5 Rad8
17.Rxd8 Rxd8 18.Rd1 Ne6 19.Rxd8+ Qxd8 20.Ne2 Qa5 21.Qc3 Qxa2 22.Qxe5 Nd7
23.Qd6 Ndxc5 24.Nf4 Bf8 25.Qb8 Qxb3 26.Nxe6 Nxe6 27.Qxa7 c5 28.Kg2 c4 29.Bg4 c3
30.Bxe6 fxe6 31.Qb8 Qb5 32.Qc8 Qc6 33.Qxc6 bxc6 34.Bc1 Kf7 35.Kf3 Bc5 36.Ke2 Bd4
37.f3 Ke7 38.Kd3 c5 39.Kc4 Kd6 40.Kb5 Bf2 41.Kc4 Be1 42.Kd3 Kc6 43.g4 Bd2
44.Bxd2 cxd2 45.Kxd2 g5 46.f4 gxf4 47.g5 Kd6 48.h4 e5 49.h5 Ke6 50.g6 hxg6
51.h6 Kf7  0-1

[Event "29th ChessOrg Open"]
[Site "Bad Woerishofen GER"]
[Date "2013.03.09"]
[Round "9.3"]
[White "Romanishin,O"]
[Black "Braun,Christi2"]
[Result "1-0"]
[WhiteElo "2503"]
[BlackElo "2385"]

1.Nf3 Nf6 2.g3 g6 3.c4 Bg7 4.Bg2 O-O 5.d4 d6 6.O-O Nc6 7.Nc3 a6 8.b3 Rb8
9.Bb2 b5 10.cxb5 axb5 11.Rc1 b4 12.Nb1 Na7 13.Ne1 Nd7 14.Nd3 Ba6 15.d5 Bxb2
16.Nxb2 e6 17.Nc4 exd5 18.Qxd5 Rb5 19.Qd2 Re8 20.Ne3 Nf6 21.Rc4 d5 22.Rf4 Ne4
23.Bxe4 dxe4 24.Rxe4 Qb8 25.Rxe8+ Qxe8 26.Rd1 Bb7 27.Ng4 Qc6 28.e4 Rb6 29.Qd8+ Kg7
30.Qd4+ f6 31.Qd8  1-0

[Event "TCh-FIN SM 2012-13"]
[Site "Helsinki FIN"]
[Date "2013.03.09"]
[Round "13.8"]
[White "Valli,F"]
[Black "Luodonpaa,M"]
[Result "1-0"]
[WhiteElo "2262"]
[BlackElo "1913"]

1.Nf3 Nf6 2.c4 g6 3.g3 Bg7 4.Bg2 O-O 5.d4 d5 6.cxd5 Nxd5 7.O-O Nc6 8.Nc3 Nb6
9.e3 Bg4 10.h3 Bc8 11.Qe2 Be6 12.Rd1 Bc4 13.Qd2 Nb4 14.b3 Ba6 15.Ba3 N4d5
16.Ne4 Nd7 17.Rac1 b6 18.Ne5 Bxe5 19.dxe5 Bb7 20.Ng5 e6 21.e4  1-0

[Event "ch-CRO w 2013"]
[Site "Rijeka CRO"]
[Date "2013.03.10"]
[Round "3"]
[White "Franciskovic,B"]
[Black "Jelica,M"]
[Result "1/2-1/2"]
[WhiteElo "2245"]
[BlackElo "2233"]

1.c4 Nf6 2.Nf3 g6 3.g3 Bg7 4.Bg2 O-O 5.O-O d6 6.Nc3 c5 7.d4 cxd4 8.Nxd4 Nbd7
9.b3 a6 10.Bb2 Nc5 11.Rc1 Qb6 12.Qd2 Bd7 13.Rfd1 a5 14.Ba3 Rfe8 15.Ndb5 Bxb5
16.cxb5 Ne6 17.e3 Rab8 18.Qe2 Nd7 19.Nd5 Qd8 20.Nxe7+ Rxe7 21.Bxd6 b6 22.Bc6 Ndf8
23.Bxb8 Qxb8 24.Qd2 Be5 25.b4 axb4 26.Qxb4 Ra7 27.Rc2 Nc5 28.Qd2 Nfe6 29.f4 Bf6
30.Qd5 Ra3 31.e4 Be7 32.e5 Nc7 33.Qc4 Ra4 34.Qe2 N5e6 35.Rcd2 Bc5+ 36.Kh1 Nd4
37.Qe4 Nce6 38.Bd7 Qa7 39.Qd5 Nc7 40.Qg2 Kg7 41.f5 gxf5 42.Rf1 Ncxb5 43.Bxb5 Nxb5
44.Rxf5 Qe7 45.Qc6 Rd4 46.Rxd4 Nxd4 47.Qf6+ Qxf6 48.Rxf6 Nb5 49.Rc6 Nc3 50.a3 Na4
51.Rc7 Kg6 52.Rc6+ Kg7 53.Rc7 Kf8 54.Kg2 Nc3 55.h4 Ke8 56.h5 Ne4 57.a4 h6
58.Rc6 f6 59.Rc8+ Kf7 60.Rc7+ Ke6 61.exf6 Kxf6 62.Kf3 Nd2+ 63.Kg4 Nc4 64.Rc6+ Kg7
65.Kf5 Ne3+ 66.Ke4 Nc4 67.Kf5 Nd6+ 68.Ke5 Nf7+ 69.Kd5 Be3 70.g4 Nd8 71.Rg6+ Kh7
72.Ke4 Bc5 73.Kd5 Be3 74.Rd6 Nf7 75.Rd7 Kg8 76.Ke6 Ng5+ 77.Kf5 Kf8 78.Rd5 Kf7
79.a5 bxa5 80.Rxa5 Ne6 81.Ra6 Ng7+ 82.Ke4 Bg5 83.Ke5 Ne8 84.Kf5 Be3 85.Ke4 Bc1
86.Rc6 Bd2 87.Ke5 Bg5 88.Kf5 Bf6 89.Rxf6+ Nxf6 90.g5 hxg5 91.Kxg5  1/2-1/2

[Event "Karpos Open 2013"]
[Site "Skopje MKD"]
[Date "2013.03.10"]
[Round "2.1"]
[White "Valsecchi,A"]
[Black "Cheparinov,I"]
[Result "1/2-1/2"]
[WhiteElo "2435"]
[BlackElo "2706"]

1.Nf3 Nf6 2.c4 g6 3.g3 Bg7 4.Bg2 O-O 5.O-O d5 6.cxd5 Nxd5 7.d4 Nb6 8.Nc3 Nc6
9.d5 Na5 10.e4 c6 11.Bf4 cxd5 12.exd5 Nac4 13.Qe2 Bf5 14.Rac1 Rc8 15.b3 Nd6
16.Ne5 Nd7 17.Rfe1 Re8 18.h4 Qa5 19.Na4 Nxe5 20.Bxe5 Bh6 21.f4 Bd7 22.Bc3 Qd8
23.Qe5 f6 24.Qe3 b6 25.Bb4 Rxc1 26.Rxc1 Qb8 27.Nc3 Nf5 28.Qe1 Nxh4 29.Bxe7 Nxg2
30.Kxg2 Bf8 31.d6 Qb7+ 32.Kh2 Bxe7 33.dxe7 Bf5 34.Qd1 Qxe7 35.g4 Qe3 36.Nd5 Qf2+
37.Kh3 Bxg4+ 38.Qxg4 Re3+ 39.Nxe3 Qxe3+ 40.Kh4 Qxc1 41.Qe6+ Kg7 42.Qe7+ Kg8
43.Qe8+  1/2-1/2

[Event "UTD Turner GM Invitational 2013"]
[Site "Richardson USA"]
[Date "2013.03.11"]
[Round "7"]
[White "Jacobs,John"]
[Black "Calugar,A"]
[Result "1/2-1/2"]
[WhiteElo "2300"]
[BlackElo "2299"]

1.Nf3 Nf6 2.c4 g6 3.g3 Bg7 4.Bg2 O-O 5.O-O d5 6.cxd5 Nxd5 7.Nc3 Nb6 8.d3 Nc6
9.Be3 a5 10.Qd2 Re8 11.Bh6 Bh8 12.Rac1 a4 13.Ne4 Be6 14.Nc5 Bxa2 15.Nxb7 Qc8
16.Rxc6 Qxb7 17.Rfc1 Nc4 18.R1xc4 Bxc4 19.Ne5 Bxe5 20.Rxg6+ hxg6 21.Bxb7 Rab8
22.Qa5 Bxb2 23.Qxa4 Be6 24.Qc6 Be5 25.Bf4 Bd6  1/2-1/2

[Event "Karpos Open 2013"]
[Site "Skopje MKD"]
[Date "2013.03.12"]
[Round "5.34"]
[White "Dvirnyy,D"]
[Black "Cabarkapa,N"]
[Result "1-0"]
[WhiteElo "2530"]
[BlackElo "2321"]

1.Nf3 Nf6 2.c4 g6 3.g3 Bg7 4.Bg2 O-O 5.O-O d5 6.cxd5 Nxd5 7.Nc3 Nb6 8.d4 Nc6
9.d5 Na5 10.e4 c6 11.Bf4 cxd5 12.Nxd5 Nxd5 13.exd5 Nc4 14.Qb3 Nd6 15.Rfe1 Re8
16.h3 Bf5 17.g4 Be4 18.Ng5 Bxg2 19.Kxg2 Qd7 20.Re2 Nb5 21.Nf3 Nd4 22.Nxd4 Bxd4
23.Rd1 Bg7 24.Qf3 Rac8 25.Bg5 h6 26.Bh4 Rc5 27.Qe4 g5 28.Bg3 Bf6 29.Rd3 Rd8
30.Red2 Kg7 31.b3 Rdc8 32.Rf3 Rc1 33.d6 Qb5 34.Rdd3 exd6 35.a4 Re8 36.axb5 Rxe4
37.Rxd6 Re6 38.Rxe6 fxe6 39.Rd3 Rc3 40.Rd7+ Kg6 41.b4 Rb3 42.Rxb7 Rxb4 43.Bd6 Ra4
44.Bc5 Bd4 45.Bxd4 Rxd4 46.Rxa7 Rb4 47.Rb7 h5 48.gxh5+ Kxh5 49.Rb8 Kg6 50.b6 Kf5
51.b7 Ke4 52.Kg3 e5 53.f3+ Ke3 54.Re8  1-0

[Event "Karpos Open 2013"]
[Site "Skopje MKD"]
[Date "2013.03.13"]
[Round "6.12"]
[White "Hamitevici,V"]
[Black "Van Kampen,R"]
[Result "1/2-1/2"]
[WhiteElo "2444"]
[BlackElo "2592"]

1.Nf3 Nf6 2.c4 g6 3.g3 Bg7 4.Bg2 O-O 5.O-O d6 6.d4 Nc6 7.Nc3 Rb8 8.b3 a6
9.Nd5 Nh5 10.Bb2 e6 11.Ne3 f5 12.Qd2 Ne7 13.Rac1 b5 14.c5 h6 15.Rfd1 Nf6
16.Qa5 g5 17.d5 f4 18.Bxf6 Bxf6 19.Ng4 Bg7 20.dxe6 Bxe6 21.Nge5 Bd5 22.Rxd5 Nxd5
23.Nc6 Qf6 24.Nfe5 Nc3 25.Qxc3 Rbe8 26.Bd5+ Kh8 27.Nf7+ Rxf7 28.Bxf7 Qxf7
29.Qd3 dxc5 30.Rxc5 Qf6 31.Rc2 Rf8 32.g4 f3 33.exf3 Qxf3 34.Qxf3 Rxf3 35.Kg2 Rf7
36.h3 Kh7 37.b4 Rf4 38.a3 h5 39.Kg3 Bf8 40.f3 Bd6 41.Kf2 Kg6 42.Ke3 Rf8 43.Nd4 Re8+
44.Kd3 Re1 45.Rc6 Rd1+ 46.Ke3 hxg4 47.hxg4 Kf7 48.Rxa6 Bf4+ 49.Ke4 Re1+ 50.Kd5 Rd1
51.Ke4 Re1+  1/2-1/2

[Event "81st ch-St Petersburg w"]
[Site "St Petersburg RUS"]
[Date "2013.03.14"]
[Round "4"]
[White "Tskhadadze,A"]
[Black "Chernyak,Viktoria"]
[Result "0-1"]
[WhiteElo "1824"]
[BlackElo "1968"]

1.c4 Nf6 2.g3 g6 3.Bg2 Bg7 4.Nf3 O-O 5.O-O c5 6.Nc3 Nc6 7.d3 d5 8.cxd5 Nxd5
9.Nxd5 Qxd5 10.Nd2 Qd7 11.Rb1 b6 12.Qa4 Bb7 13.b3 Qe6 14.Qe4 Qd7 15.Nc4 Rfe8
16.Bb2 e5 17.Rfd1 Rad8 18.Ne3 Ba8 19.Qa4 Qe6 20.Qc4 Nd4 21.Qxe6 Rxe6 22.Bxa8 Rxa8
23.Nd5 Nxe2+ 24.Kf1 Rd8 25.Nxb6 Nxg3+ 26.fxg3 axb6 27.Rbc1 f5 28.Kf2 Red6
29.Re1 Rd5 30.Rcd1 b5 31.Ke2 Kf7 32.Rf1 Ke6 33.Bc1 b4 34.Bg5 Ra8 35.Rd2 e4
36.dxe4 Rxd2+ 37.Bxd2 fxe4 38.Rf4 Rxa2 39.Rxe4+ Kd5 40.Re8 Bc3 41.Rd8+ Kc6
42.Kd1 Rxd2+ 43.Rxd2 Bxd2 44.Kxd2 Kd5 45.Kd3 g5 46.g4 h6 47.h3 c4+ 48.bxc4+ Kc5
49.Kd2 Kxc4 50.Kc2 Kd4  0-1

[Event "13th European Seniors"]
[Site "Plovdiv BUL"]
[Date "2013.03.15"]
[Round "5"]
[White "Grabow,P"]
[Black "Cernea,R"]
[Result "1-0"]
[WhiteElo "2145"]
[BlackElo "2001"]

1.Nf3 Nf6 2.c4 g6 3.g3 Bg7 4.Bg2 O-O 5.O-O d6 6.Nc3 Nc6 7.Rb1 e5 8.d3 h6
9.b4 a6 10.a4 Be6 11.b5 Nd4 12.Ne1 Rb8 13.e3 Nf5 14.Nc2 a5 15.e4 Ne7 16.Nd5 Qd7
17.Nxf6+ Bxf6 18.Bxh6 Bg7 19.Bd2 Bh3 20.Ne3 Bxg2 21.Kxg2 f5 22.f3 Kf7 23.f4 Rh8
24.fxe5 Bxe5 25.Qf3 Kg7 26.exf5 Rbf8 27.Qg4 Nxf5 28.Nxf5+ Rxf5 29.Rxf5 Qxf5
30.Qxf5 gxf5 31.Bxa5 b6 32.Be1 Ra8 33.Rb4 Bd4 34.Bf2 Bc5 35.Rb2 Rxa4 36.d4 Bb4
37.Rc2 Ra5 38.h3 Kf6 39.Kf3 Ra3+ 40.Be3 Rc3 41.Rxc3 Bxc3 42.g4 Be1 43.Bf2 Bd2
44.Bh4+ Ke6 45.gxf5+ Kxf5 46.Bd8 d5 47.cxd5 Bf4 48.Bh4 Bd6 49.Bg3 Bxg3 50.Kxg3 Ke4
51.h4 Kxd5 52.h5 Kxd4 53.h6 Kc5 54.h7 Kxb5 55.h8=Q c5 56.Kf3 c4 57.Qb2+ Kc5
58.Qa3+ Kd4 59.Qe3+  1-0

[Event "TCh-SWE Elite 2012-13"]
[Site "Sweden SWE"]
[Date "2013.03.17"]
[Round "9"]
[White "Grandelius,N"]
[Black "Kotronias,V"]
[Result "1/2-1/2"]
[WhiteElo "2593"]
[BlackElo "2583"]

1.Nf3 Nf6 2.c4 g6 3.g3 Bg7 4.Bg2 O-O 5.O-O d6 6.Nc3 e5 7.d3 Re8 8.Bg5 h6
9.Bxf6 Bxf6 10.Nd2 a5 11.a3 Bg7 12.Qc2 Nc6 13.e3 h5 14.h4 Kh8 15.Rfe1 Rf8
16.Rab1 Ne7 17.b4 axb4 18.axb4 c6 19.Ra1 Rb8 20.b5 d5 21.bxc6 bxc6 22.Ra7 Be6
23.Rb1 Rxb1+ 24.Qxb1 e4 25.cxd5 cxd5 26.Ne2 Bg4 27.Nf4 d4 28.Nxe4 dxe3 29.fxe3 Bd4
30.exd4 Qxd4+ 31.Kh2 Qxa7 32.Qb2+ Kh7 33.Nf6+ Kh6 34.Qd2 Kg7 35.Qb2 Kh6 36.Qd2 Kg7
37.Qb2  1/2-1/2

[Event "13th European Seniors"]
[Site "Plovdiv BUL"]
[Date "2013.03.19"]
[Round "9"]
[White "Zachariassen,J"]
[Black "Nikolov,Zdravko"]
[Result "1-0"]
[WhiteElo "1911"]
[BlackElo "1753"]

1.c4 Nf6 2.Nf3 g6 3.g3 Bg7 4.Bg2 O-O 5.O-O d6 6.Nc3 e5 7.d3 Nc6 8.Qd2 Nd4
9.b4 c6 10.a4 a6 11.Rb1 Bg4 12.Re1 Re8 13.b5 axb5 14.axb5 e4 15.Nxd4 Nh5
16.bxc6 Bxd4 17.cxb7 Rb8 18.Nxe4 Qe7 19.h3 Bd7 20.e3 Bg7  1-0